Catálogo
 En Linea

Valores para la vida (Registro nro. 58681)

Detalles MARC
000 -LEADER
campo de control de longitud fija 00270nam a22001097a 4500
020 ## - NÚMERO INTERNACIONAL ESTÁNDAR DEL LIBRO
Número Internacional Estándar del Libro 9789945645217
100 1# - ENTRADA PRINCIPAL--NOMBRE DE PERSONA
Nombre de persona Grullón Estrella, José
-- 87397
245 1# - MENCIÓN DEL TÍTULO
Título Valores para la vida
250 ## - MENCION DE EDICION
Mención de edición 2da. Edición.
264 ## - PRODUCCIÓN, PUBLICACIÓN, DISTRIBUCIÓN, FABRICACIÓN Y COPYRIGHT
Producción, publicación Santo Domingo :
Fecha de producción, publicación, distribución, fabricación o copyright 2023.
300 ## - DESCRIPCIÓN - FÍSICA
Extensión Pestaña: 65 página ;
999 ## -
-- 58681
-- 58681
Existencias
Estatus retirado Estado de pérdida Fuente del sistema de clasificación o colocación Estado de daño Restricciones de uso No para préstamo Biblioteca de origen Biblioteca actual Fecha de adquisición Fuente de adquisición Total de préstamos Código de barras Visto por última vez Tipo de ítem Koha Nota pública Copia número
    Dewey Decimal Classification   Excluido de préstamo   Biblioteca Nacional Pedro Henríquez Ureña Biblioteca Nacional Pedro Henríquez Ureña 03.03.2025 Depósito Legal   2025-3012 09.04.2025 Libro En proceso de descripción  
    Dewey Decimal Classification   Excluido de préstamo   Biblioteca Nacional Pedro Henríquez Ureña Biblioteca Nacional Pedro Henríquez Ureña 03.03.2025 Depósito Legal   2025-3013 09.04.2025 Libro En proceso de descripción e.2

Con tecnología Koha